000 00372nam a2200145Ia 4500
008 230917s9999||||xx |||||||||||||| ||und||
040 _e107991
_aMAIN
041 _aEnglish
082 _a158.1 P311W
100 _aPeale, Norman Vincent
245 0 _aWhy some positive thinkers get powerful results
260 _aDelhi
_bOrient
_c2003
300 _a168p p.
942 _cBK
999 _c120254
_d120254